[Event "Biella op 1st"]
[Site "Biella"]
[Date "2010.09.26"]
[Round "4"]
[White "Migliorini, Matteo"]
[Black "Giordani, Pierino"]
[Result "1-0"]
[WhiteElo "1742"]
[BlackElo "1365"]
[PlyCount "63"]
[EventDate "2010.09.24"]
[EventType "swiss"]
[EventRounds "5"]
[EventCountry "ITA"]
[SourceTitle "EXT 2024"]
[Source "ChessBase"]
[SourceDate "2023.10.10"]
[SourceVersion "1"]
[SourceVersionDate "2023.10.10"]
[SourceQuality "1"]

1. e4 Nc6 2. d4 e6 3. d5 exd5 4. exd5 Nce7 5. Nf3 Nf6 6. Bc4 d6 7. 0-0 Bg4 8. Re1 g6 9. Bg5 Bg7 10. h3 Bd7 11. Qd4 0-0 12. Bxf6 Bxf6 13. Qxf6 Re8 14. Ng5 Rf8 15. Qxe7 h6 16. Qxd8 Raxd8 17. Ne4 Kg7 18. Nbc3 Rde8 19. Nb5 c6 20. Nbxd6 Rb8 21. Nc5 Rfd8 22. Re7 Be8 23. Ne6+ Kf6 24. Rxe8 Rxe8 25. Nxe8+ Rxe8 26. Nc5 b6 27. Nd3 b5 28. Bb3 c5 29. Nxc5 Rc8 30. Ne4+ Ke5 31. Re1 Kf5 32. Nd6+ 1-0

[Event "Biella op 1st"]
[Site "Biella"]
[Date "2010.09.25"]
[Round "3"]
[White "Giordani, Pierino"]
[Black "Miracola, Massimiliano"]
[Result "0-1"]
[WhiteElo "1365"]
[BlackElo "1845"]
[PlyCount "58"]
[EventDate "2010.09.24"]
[EventType "swiss"]
[EventRounds "5"]
[EventCountry "ITA"]
[SourceTitle "EXT 2024"]
[Source "ChessBase"]
[SourceDate "2023.10.10"]
[SourceVersion "1"]
[SourceVersionDate "2023.10.10"]
[SourceQuality "1"]

1. d4 Nf6 2. c4 g6 3. Nf3 Bg7 4. Nc3 d5 5. e3 0-0 6. Qc2 c5 7. b3 Nc6 8. a3 dxc4 9. Bxc4 cxd4 10. exd4 Nxd4 11. Qd3 Nxf3+ 12. Qxf3 Bg4 13. Qg3 Ne4 14. Qxg4 Bxc3+ 15. Kf1 Nf6 16. Qe2 Bxa1 17. Bb2 Bxb2 18. g3 Bxa3 19. Kg2 b5 20. Rd1 Qc7 21. Bxb5 Rad8 22. Ra1 Bc5 23. Bc4 Qd6 24. Qf3 Qd4 25. Be2 Qxa1 26. h4 Rd2 27. h5 Qb2 28. hxg6 hxg6 29. Kh3 Rxe2 0-1